[Event "VII Festival A"]
[Site "Amantea ITA"]
[Date "2009.09.05"]
[Round "6"]
[White "Delorme, Axel"]
[Black "Efimov, Igor"]
[Result "1/2-1/2"]
[WhiteElo "2434"]
[BlackElo "2433"]
[PlyCount "71"]
[EventDate "2009.08.31"]

1. e4 c5 2. Nf3 d6 3. Bb5+ Nc6 4. O-O Bd7 5. Re1 a6 6. Bxc6 Bxc6 7. d4 cxd4 8.
Nxd4 Nf6 9. Nxc6 bxc6 10. c4 Nd7 11. b3 Qc7 12. Bb2 e5 13. Nc3 Be7 14. Na4 Rd8
15. Bc3 O-O 16. Qd2 Qa7 17. Ba5 Rc8 18. Bb4 c5 19. Ba5 Nb8 20. Nb6 Rce8 21. Nd5
Bd8 22. Bc3 Nc6 23. f4 exf4 24. Qxf4 Re6 25. Rad1 Rfe8 26. Rd3 Rg6 27. Rg3 Qd7
28. Qf5 Qe6 29. Rxg6 hxg6 30. Qxe6 fxe6 31. Nf4 e5 32. Nd5 Kf7 33. Bd2 Ke6 34.
Rf1 Rh8 35. g3 Bf6 36. Kg2 1/2-1/2

[Event "VII Festival A"]
[Site "Amantea ITA"]
[Date "2009.09.05"]
[Round "6"]
[White "Doleschal, Johannes"]
[Black "Van Asseldonk, Paul"]
[Result "1-0"]
[WhiteElo "2014"]
[BlackElo "2107"]
[PlyCount "123"]
[EventDate "2009.08.31"]

1. d4 Nf6 2. c4 e6 3. Nf3 Bb4+ 4. Nbd2 b6 5. g3 Bb7 6. Bg2 Ne4 7. O-O Nxd2 8.
Bxd2 Be7 9. Rc1 O-O 10. Qc2 f5 11. Rfd1 Be4 12. Qb3 Nc6 13. d5 Nb8 14. dxe6
dxe6 15. Bf4 Qc8 16. Nd4 Bxg2 17. Kxg2 g5 18. Bd2 c5 19. Qf3 Na6 20. Nb5 Nc7
21. Qh5 Nxb5 22. cxb5 g4 23. Bc3 Qb7+ 24. f3 Bf6 25. Qh6 Qg7 26. Qxg7+ Kxg7 27.
Rd7+ Rf7 28. Bxf6+ Kxf6 29. Rcd1 Raf8 30. f4 Rxd7 31. Rxd7 Rf7 32. Rd2 Rc7 33.
Rc2 Ke7 34. Kf2 Rd7 35. Ke1 Rd4 36. a3 Kd6 37. e3 Ra4 38. Rd2+ Kc7 39. Rd3 c4
40. Rd4 a6 41. bxa6 Rxa6 42. Rxc4+ Kd7 43. Kd2 e5 44. fxe5 b5 45. Rf4 Rh6 46.
Rf2 Ke6 47. e4 Kxe5 48. exf5 Rd6+ 49. Ke3 Kf6 50. Ke4 b4 51. axb4 Rb6 52. Kd4
Rxb4+ 53. Kc3 Re4 54. b4 Re3+ 55. Kd4 Rb3 56. Kc4 Rb1 57. b5 Rc1+ 58. Kb4 Rb1+
59. Kc5 Rb3 60. b6 Rf3 61. Rb2 Rxf5+ 62. Kd6 1-0

[Event "VII Festival A"]
[Site "Amantea ITA"]
[Date "2009.09.05"]
[Round "6"]
[White "Duhayon, Yves"]
[Black "Scerbo, Antonio"]
[Result "1-0"]
[WhiteElo "2256"]
[BlackElo "2086"]
[PlyCount "63"]
[EventDate "2009.08.31"]

1. d4 Nf6 2. c4 g6 3. Nc3 Bg7 4. e4 d6 5. Nf3 O-O 6. Be2 e5 7. d5 Na6 8. Nd2
Ne8 9. h4 f5 10. h5 Nc5 11. hxg6 hxg6 12. b4 Nxe4 13. Ncxe4 fxe4 14. Nxe4 Bf5
15. Bg5 Qd7 16. Bd3 a5 17. b5 c6 18. bxc6 bxc6 19. dxc6 Qxc6 20. Qe2 Rc8 21.
Rb1 a4 22. Qe3 d5 23. Rb6 Qd7 24. cxd5 Qxd5 25. O-O Qd4 26. Rfb1 Nc7 27. Qxd4
exd4 28. Bc4+ Kh7 29. f3 Rce8 30. Kf2 Bxe4 31. Rh1+ Bh6 32. Bxh6 1-0

[Event "VII Festival A"]
[Site "Amantea ITA"]
[Date "2009.09.05"]
[Round "6"]
[White "Fox, Pierre"]
[Black "Bodenschatz, Josef"]
[Result "1-0"]
[WhiteElo "1796"]
[BlackElo "2038"]
[PlyCount "63"]
[EventDate "2009.08.31"]

1. d4 c6 2. c4 f5 3. Nc3 g6 4. Bf4 Bg7 5. e3 Nf6 6. Nf3 O-O 7. Be2 d6 8. h3 e6
9. Rc1 Re8 10. O-O a5 11. Bh2 Na6 12. Qb3 Ne4 13. Na4 Kh8 14. c5 dxc5 15. dxc5
e5 16. Rfd1 Qe7 17. Qa3 Nb4 18. Nb6 Ra7 19. Rc4 Be6 20. Rxb4 Qxc5 21. Rxe4 Qxa3
22. bxa3 fxe4 23. Nxe5 Bxa2 24. Nec4 Kg8 25. Rd7 Bf8 26. Bd6 a4 27. Bxf8 Rxf8
28. Nd6 Bb3 29. Nxe4 Be6 30. Re7 Bf5 31. Bc4+ Kh8 32. Ng5 1-0

[Event "VII Festival A"]
[Site "Amantea ITA"]
[Date "2009.09.05"]
[Round "6"]
[White "Hajenius, Willem"]
[Black "Furnari, Franco"]
[Result "0-1"]
[WhiteElo "2025"]
[BlackElo "1929"]
[PlyCount "82"]
[EventDate "2009.08.31"]

1. d4 Nf6 2. c4 g6 3. Nc3 Bg7 4. e4 d6 5. f4 O-O 6. Nf3 Nbd7 7. e5 dxe5 8. fxe5
Ne8 9. Be2 c6 10. O-O Nc7 11. Bf4 Nb6 12. a4 Bg4 13. a5 Bxf3 14. Rxf3 Nd7 15.
Qe1 Ne6 16. Be3 f6 17. exf6 Nxf6 18. d5 cxd5 19. cxd5 Nc7 20. Bc4 Kh8 21. Rd1
Nce8 22. Bc5 Nd6 23. Bb3 Qxa5 24. Ba3 Qb6+ 25. Kh1 Qxb3 26. Ne4 Qb6 27. Nc5 a5
28. Rb3 Qa7 29. Ne6 Nfe4 30. Nxf8 Nf2+ 31. Qxf2 Qxf2 32. Ne6 b5 33. Bc5 Qc2 34.
Rbd3 Ne4 35. Bg1 Nf2+ 36. Bxf2 Qxf2 37. d6 exd6 38. Rxd6 Qh4 39. b3 Kg8 40. g3
Qe4+ 41. Kg1 Re8 0-1

[Event "VII Festival A"]
[Site "Amantea ITA"]
[Date "2009.09.05"]
[Round "6"]
[White "Licciulli, Fabio"]
[Black "Valguarnera, Girolamo"]
[Result "0-1"]
[WhiteElo "1937"]
[BlackElo "2151"]
[PlyCount "50"]
[EventDate "2009.08.31"]

1. c4 Nf6 2. Nc3 e5 3. g3 Bc5 4. Bg2 h5 5. e3 Nc6 6. Nge2 Qe7 7. O-O d6 8. d4
Bb6 9. a3 h4 10. b4 a5 11. c5 Ba7 12. b5 Nd8 13. cxd6 Qxd6 14. dxe5 Qxe5 15.
Bb2 Bg4 16. Qd2 Qh5 17. Nf4 Qh6 18. h3 hxg3 19. fxg3 Ne6 20. hxg4 Qh2+ 21. Kf2
Nxg4+ 22. Ke1 Qxg3+ 23. Ke2 Bxe3 24. Rf3 Nxf4+ 25. Rxf4 Qxg2+ 0-1

[Event "VII Festival A"]
[Site "Amantea ITA"]
[Date "2009.09.05"]
[Round "6"]
[White "Maiorov, Nikita"]
[Black "Gromovs, Sergejs"]
[Result "1-0"]
[WhiteElo "2513"]
[BlackElo "2339"]
[PlyCount "115"]
[EventDate "2009.08.31"]

1. d4 d6 2. g3 g6 3. Nf3 Nf6 4. Bg2 Bg7 5. O-O O-O 6. c4 c5 7. d5 b5 8. cxb5 a6
9. bxa6 Nbd7 10. Nc3 Bxa6 11. Rb1 Qc7 12. b3 Rfb8 13. Qc2 Rb7 14. Rd1 Rab8 15.
a3 Nb6 16. h3 Nfd7 17. Bd2 Nc8 18. Be1 Na7 19. e4 Nb5 20. Nxb5 Bxb5 21. a4 Ba6
22. Rdc1 Qd8 23. Bf1 Bxf1 24. Kxf1 e6 25. dxe6 fxe6 26. Kg2 d5 27. exd5 exd5
28. Qd3 d4 29. Qc4+ Kh8 30. Bd2 Qg8 31. Qxg8+ Kxg8 32. Bf4 Re8 33. Nd2 h6 34.
Kf1 Bf8 35. Nc4 Re6 36. Re1 Rxe1+ 37. Kxe1 g5 38. Bd2 Kf7 39. Kd1 Nb6 40. Kc2
Nd5 41. Re1 Kf6 42. a5 Be7 43. Ne5 h5 44. Nc6 Rc7 45. Nxe7 Nxe7 46. Kd3 Nc6 47.
f4 gxf4 48. gxf4 Ra7 49. Ra1 Ke6 50. Kc4 Kd6 51. a6 Ra8 52. h4 Ra7 53. b4 cxb4
54. Bxb4+ Nxb4 55. Kxb4 Kd5 56. Kb5 Ke4 57. Ra4 Ra8 58. a7 1-0

[Event "VII Festival A"]
[Site "Amantea ITA"]
[Date "2009.09.05"]
[Round "6"]
[White "Marchadour, Emilie"]
[Black "Voiska, Margarita"]
[Result "0-1"]
[WhiteElo "2047"]
[BlackElo "2332"]
[PlyCount "148"]
[EventDate "2009.08.31"]

1. e4 c5 2. Nf3 Nc6 3. d4 cxd4 4. Nxd4 e5 5. Nb5 d6 6. N1c3 a6 7. Na3 Be7 8.
Nd5 Nf6 9. Be3 Nxd5 10. exd5 Nb8 11. c4 Nd7 12. Be2 Bg5 13. Nc2 O-O 14. O-O
Bxe3 15. fxe3 f5 16. Kh1 Nf6 17. Qe1 Bd7 18. Bd3 Ng4 19. Be2 Nh6 20. b4 Rc8 21.
Rc1 Qg5 22. Qd2 Ng4 23. Bxg4 Qxg4 24. Na3 b6 25. Qd1 Qe4 26. Qd2 Qh4 27. Qe1
Qg5 28. Rf3 Qe7 29. Qd2 Rf6 30. Rff1 Rh6 31. Qf2 e4 32. Nb1 Qe5 33. Qf4 Qb2 34.
a3 Qb3 35. Rc3 Qa2 36. Qf2 Qxf2 37. Rxf2 Rf6 38. Nd2 Rcf8 39. Kg1 Be8 40. Nb3
g5 41. Nd4 Bd7 42. g3 h5 43. Kg2 Kh7 44. Kg1 f4 45. gxf4 gxf4 46. exf4 Rxf4 47.
Rxf4 Rxf4 48. Re3 Kg6 49. Ne2 Rg4+ 50. Kf2 Kf6 51. Ng3 Ke5 52. Nxh5 Rh4 53. Ng3
Rxh2+ 54. Kg1 Rh4 55. Ne2 b5 56. c5 dxc5 57. bxc5 Kxd5 58. Rc3 a5 59. Kg2 Rg4+
60. Kf2 b4 61. axb4 axb4 62. Rc1 Bb5 63. Ke3 Bxe2 64. Kxe2 Rg2+ 65. Ke3 Rg3+
66. Kd2 Rd3+ 67. Ke2 Rc3 68. Rh1 Kxc5 69. Rh8 Kc4 70. Rc8+ Kb3 71. Re8 Kc2 72.
Rxe4 b3 73. Rd4 b2 74. Rd2+ Kb3 0-1

[Event "VII Festival A"]
[Site "Amantea ITA"]
[Date "2009.09.05"]
[Round "6"]
[White "Mrdja, Milan"]
[Black "Nikolova, Adriana"]
[Result "0-1"]
[WhiteElo "2418"]
[BlackElo "2316"]
[PlyCount "114"]
[EventDate "2009.08.31"]

1. e4 c5 2. Nf3 d6 3. d4 cxd4 4. Nxd4 Nf6 5. Nc3 a6 6. g3 e5 7. Nde2 h6 8. Bg2
Nbd7 9. O-O b5 10. a4 b4 11. Nd5 Nxd5 12. Qxd5 Rb8 13. c4 Nc5 14. Qd1 Bb7 15.
f3 a5 16. b3 Qc7 17. Be3 Be7 18. Qc2 h5 19. h4 g5 20. hxg5 Rg8 21. f4 Qc6 22.
fxe5 dxe5 23. Rf5 Qc7 24. Rd1 Rd8 25. Rd5 Bxd5 26. exd5 Nd7 27. Qe4 Bc5 28. Kh2
Bxe3 29. Qxe3 Kf8 30. Ng1 h4 31. gxh4 Rh8 32. Qf2 e4+ 33. Kh1 Ne5 34. Qg3 Re8
35. Bxe4 Qd6 36. Rf4 Kg8 37. Kg2 Ng6 38. Bxg6 Qxg6 39. Qf2 Re4 40. Kg3 Qd6 41.
Nh3 Qe5 42. Kg4 Re2 43. Qg3 Re3 44. Rf3 Qe4+ 45. Nf4 Rxh4+ 46. Qxh4 Qxf3+ 47.
Kf5 Qe4+ 48. Kg4 Rxb3 49. Qf2 Rd3 50. Qb6 Rd1 51. Kg3 Qe1+ 52. Kf3 Qh1+ 53. Kg4
Qg1+ 54. Qxg1 Rxg1+ 55. Kf5 Rc1 56. d6 Rxc4 57. Ke5 Kf8 0-1

[Event "VII Festival A"]
[Site "Amantea ITA"]
[Date "2009.09.05"]
[Round "6"]
[White "Mullon, Jean-Baptiste"]
[Black "Schacher, Gerd"]
[Result "1-0"]
[WhiteElo "2357"]
[BlackElo "2318"]
[PlyCount "57"]
[EventDate "2009.08.31"]

1. e4 c5 2. Nf3 d6 3. d4 cxd4 4. Nxd4 Nf6 5. Nc3 a6 6. Bg5 e6 7. f4 Be7 8. Qf3
Qc7 9. O-O-O Nbd7 10. g4 b5 11. Bxf6 Nxf6 12. g5 Nd7 13. f5 Nc5 14. f6 gxf6 15.
gxf6 Bf8 16. Rg1 h5 17. a3 Bb7 18. Bh3 Rh6 19. Rg8 O-O-O 20. Nd5 Nxe4 21. Nxc7
Rxf6 22. Qxh5 Bh6+ 23. Kb1 Rxg8 24. Nd5 Rg5 25. Nxf6 Rxh5 26. Nxh5 Nf2 27. Rf1
Nxh3 28. Rxf7 Ng5 29. Rf6 1-0

[Event "VII Festival A"]
[Site "Amantea ITA"]
[Date "2009.09.05"]
[Round "6"]
[White "Naumkin, Igor"]
[Black "Estremera Panos, Sergio"]
[Result "1/2-1/2"]
[WhiteElo "2481"]
[BlackElo "2394"]
[PlyCount "31"]
[EventDate "2009.08.31"]

1. d4 Nf6 2. c4 e6 3. Nf3 d5 4. Nc3 Bb4 5. cxd5 exd5 6. Bg5 c5 7. e3 Nbd7 8.
Bb5 Qa5 9. Bxf6 Qxb5 10. Bxg7 Rg8 11. Be5 Rxg2 12. Bg3 Nf6 13. Ne5 Ne4 14. Rc1
Be6 15. dxc5 O-O-O 16. Qd3 1/2-1/2

[Event "VII Festival A"]
[Site "Amantea ITA"]
[Date "2009.09.05"]
[Round "6"]
[White "Oschetzki, Stefan"]
[Black "Lalic, Bogdan"]
[Result "1/2-1/2"]
[WhiteElo "2178"]
[BlackElo "2517"]
[PlyCount "38"]
[EventDate "2009.08.31"]

1. e4 c5 2. c3 d5 3. exd5 Qxd5 4. d4 Nc6 5. Nf3 Bg4 6. Be2 cxd4 7. cxd4 e6 8.
Nc3 Qa5 9. O-O Nf6 10. h3 Bh5 11. Be3 Bb4 12. Qb3 O-O 13. Rfd1 Rfd8 14. a3 Bxc3
15. bxc3 Qc7 16. Bg5 Na5 17. Qc2 Rac8 18. Ne5 Bxe2 19. Qxe2 Nc4 1/2-1/2

[Event "VII Festival A"]
[Site "Amantea ITA"]
[Date "2009.09.05"]
[Round "6"]
[White "Santagati, Alessandro"]
[Black "Gad, Ahmad"]
[Result "1-0"]
[WhiteElo "2147"]
[BlackElo "1956"]
[PlyCount "77"]
[EventDate "2009.08.31"]

1. d4 f5 2. Nf3 Nf6 3. g3 g6 4. Bg2 Bg7 5. O-O O-O 6. c4 d6 7. Nc3 Qe8 8. Re1
Qf7 9. Qd3 h6 10. d5 e5 11. dxe6 Bxe6 12. Nd5 Nc6 13. Nxf6+ Qxf6 14. Bd2 Qf7
15. Qb3 Rab8 16. Rac1 b5 17. Nh4 bxc4 18. Qa4 Rxb2 19. Bc3 Bxc3 20. Rxc3 Nd4
21. Qd1 Nb5 22. Re3 Kh7 23. a4 g5 24. Nf3 f4 25. Rxe6 Qxe6 26. axb5 fxg3 27.
hxg3 Qf6 28. Qd5 g4 29. Qe4+ Qf5 30. Qxf5+ Rxf5 31. Nd4 Re5 32. Rc1 Rc5 33. Bc6
c3 34. Kg2 d5 35. Ne6 Rxc6 36. bxc6 Rxe2 37. Nxc7 d4 38. Nb5 d3 39. Nxc3 1-0

[Event "VII Festival A"]
[Site "Amantea ITA"]
[Date "2009.09.05"]
[Round "6"]
[White "Schrott, Ernst"]
[Black "Collutiis, Duilio"]
[Result "0-1"]
[WhiteElo "2059"]
[BlackElo "2449"]
[PlyCount "82"]
[EventDate "2009.08.31"]

1. e4 c5 2. Nf3 Nc6 3. d4 cxd4 4. Nxd4 Qc7 5. Nc3 e6 6. Be3 a6 7. Qd2 Nf6 8. f4
b5 9. e5 Ng4 10. Bg1 Bb7 11. O-O-O Nxd4 12. Bxd4 Be7 13. Bd3 f5 14. h3 Nh6 15.
Rhg1 O-O 16. Kb1 Kh8 17. g4 Bc6 18. Ne2 b4 19. gxf5 Nxf5 20. Bxf5 Rxf5 21. Ng3
Rf7 22. f5 exf5 23. Rdf1 Raf8 24. Nh5 Rg8 25. Qf2 Bd5 26. Nf4 Be6 27. h4 Rc8
28. h5 Bc5 29. Bxc5 Qxc5 30. Qg2 a5 31. h6 g6 32. Nxg6+ hxg6 33. Qxg6 Qxc2+ 34.
Ka1 Qc4 35. b3 Qd4+ 36. Kb1 Qe4+ 37. Ka1 Qxe5+ 38. Kb1 Qe4+ 39. Ka1 Qd4+ 40.
Kb1 a4 41. h7 Rg7 0-1

[Event "VII Festival A"]
[Site "Amantea ITA"]
[Date "2009.09.05"]
[Round "7"]
[White "Abatino, Maurizio"]
[Black "Marchadour, Emilie"]
[Result "1/2-1/2"]
[WhiteElo "2163"]
[BlackElo "2047"]
[PlyCount "28"]
[EventDate "2009.08.31"]

1. d4 Nf6 2. c4 c5 3. e3 cxd4 4. exd4 d5 5. Nc3 e6 6. Bg5 Bb4 7. Rc1 Nc6 8. Nf3
O-O 9. Bd3 Bxc3+ 10. bxc3 dxc4 11. Bxc4 b6 12. O-O Bb7 13. Qe2 Kh8 14. Rfe1 Ne7
1/2-1/2

[Event "VII Festival A"]
[Site "Amantea ITA"]
[Date "2009.09.05"]
[Round "7"]
[White "Bodenschatz, Josef"]
[Black "Astanovskaya, Yulia"]
[Result "0-1"]
[WhiteElo "2038"]
[BlackElo "1910"]
[PlyCount "72"]
[EventDate "2009.08.31"]

1. f4 d5 2. Nf3 c5 3. e3 Nc6 4. Bb5 Bg4 5. h3 Bxf3 6. Qxf3 e6 7. Bxc6+ bxc6 8.
b3 Qh4+ 9. g3 Qf6 10. Nc3 Qg6 11. d3 Rc8 12. O-O Be7 13. e4 d4 14. Na4 Nf6 15.
Ba3 Nd7 16. Kh2 h5 17. Rae1 Kd8 18. e5 Kc7 19. Re4 Qf5 20. Qe2 Rcg8 21. Qe1 Kb7
22. Rxd4 cxd4 23. Bxe7 Nb6 24. Nc5+ Ka8 25. Qf2 Nd5 26. Qxd4 Rb8 27. Ne4 Nxe7
28. Qc5 Rhe8 29. Nd6 Qg6 30. f5 exf5 31. Rf4 Qe6 32. Ra4 Qd7 33. Rd4 Qc7 34. a4
Red8 35. Nb5 Qb6 36. Qxe7 cxb5 0-1

[Event "VII Festival A"]
[Site "Amantea ITA"]
[Date "2009.09.05"]
[Round "7"]
[White "Collutiis, Duilio"]
[Black "Duhayon, Yves"]
[Result "1-0"]
[WhiteElo "2449"]
[BlackElo "2256"]
[PlyCount "83"]
[EventDate "2009.08.31"]

1. e4 e5 2. Nf3 Nc6 3. Nc3 Nf6 4. g3 Bc5 5. Bg2 d6 6. O-O Be6 7. h3 h6 8. d3
Qd7 9. Kh2 Nd4 10. Nxd4 Bxd4 11. Ne2 Bb6 12. f4 Qe7 13. b3 c6 14. Bb2 Bc7 15.
d4 O-O-O 16. Ba3 Qe8 17. c4 exd4 18. Nxd4 Bd7 19. Qd3 h5 20. Bb2 h4 21. g4 Qe7
22. Kh1 Rhe8 23. Rae1 Kb8 24. Bc3 Qf8 25. b4 Bc8 26. Nc2 Nd7 27. Qf3 f6 28. b5
cxb5 29. Nb4 Nc5 30. cxb5 Qf7 31. Bd4 Bb6 32. Qc3 Na4 33. Qd2 Qc4 34. Bxb6 Nxb6
35. Rc1 Qxb5 36. Rb1 Qd7 37. Rfc1 Ka8 38. Rb3 Re7 39. Qd4 Kb8 40. Ra3 g5 41.
Nd5 gxf4 42. Nxb6 1-0

[Event "VII Festival A"]
[Site "Amantea ITA"]
[Date "2009.09.05"]
[Round "7"]
[White "Damia, Angelo"]
[Black "Arnetta, Maria Teresa"]
[Result "1-0"]
[WhiteElo "2291"]
[BlackElo "2031"]
[PlyCount "89"]
[EventDate "2009.08.31"]

1. e4 c5 2. a3 Nc6 3. b4 d5 4. b5 Nd4 5. c3 Ne6 6. d3 dxe4 7. dxe4 Qxd1+ 8.
Kxd1 Nf6 9. f3 g6 10. Be3 Bg7 11. Bc4 b6 12. Nd2 O-O 13. Ne2 Ne8 14. Kc2 Nd6
15. Bd5 Rb8 16. a4 Nc7 17. Bc6 Bb7 18. Rhb1 Bxc6 19. bxc6 Na6 20. a5 b5 21. Nb3
Rbc8 22. Nxc5 Nxc5 23. Bxc5 a6 24. Bxd6 exd6 25. Rd1 Rxc6 26. Rd3 Rfc8 27. Rad1
b4 28. Rxd6 bxc3 29. Rxc6 Rxc6 30. Rd8+ Bf8 31. Nxc3 Kg7 32. Kb3 Bd6 33. g3 Bc7
34. Rd5 h5 35. e5 Bb8 36. f4 g5 37. f5 g4 38. Kc2 Rc4 39. Kd3 Rb4 40. Ne4 Rb2
41. e6 fxe6 42. fxe6 h4 43. Rd7+ Kg6 44. e7 Kf7 45. Nf6 1-0

[Event "VII Festival A"]
[Site "Amantea ITA"]
[Date "2009.09.05"]
[Round "7"]
[White "De Rosa, Mariagrazia"]
[Black "Doleschal, Johannes"]
[Result "1-0"]
[WhiteElo "2124"]
[BlackElo "2014"]
[PlyCount "85"]
[EventDate "2009.08.31"]

1. e4 e5 2. Nf3 Nc6 3. Bb5 a6 4. Ba4 Nf6 5. O-O Be7 6. Re1 d6 7. Bxc6+ bxc6 8.
d4 exd4 9. Nxd4 Bd7 10. Nc3 O-O 11. h3 h6 12. Bf4 Re8 13. Qd3 d5 14. e5 Nh7 15.
e6 fxe6 16. Nxe6 Bxe6 17. Rxe6 Bd6 18. Rxe8+ Qxe8 19. Bxd6 cxd6 20. Qd2 Nf6 21.
Re1 Qd7 22. a4 a5 23. Re3 Kf7 24. Rf3 Qe6 25. Ne2 Kg8 26. Nd4 Qd7 27. Nf5 Ne4
28. Qf4 Kh7 29. g4 Ng5 30. Re3 Ne4 31. Kg2 Rf8 32. f3 g5 33. Qh2 Rxf5 34. gxf5
Nc5 35. f6 Kg6 36. h4 Kxf6 37. hxg5+ Kxg5 38. Qg3+ Kf6 39. Qh4+ Kg6 40. Qg3+
Kf6 41. Qf4+ Kg6 42. Qf8 d4 43. Re7 1-0

[Event "VII Festival A"]
[Site "Amantea ITA"]
[Date "2009.09.05"]
[Round "7"]
[White "Del Noce, Roberto"]
[Black "Schrott, Ernst"]
[Result "1/2-1/2"]
[WhiteElo "1857"]
[BlackElo "2059"]
[PlyCount "87"]
[EventDate "2009.08.31"]

1. e4 c5 2. Nf3 e6 3. d4 cxd4 4. Nxd4 Nf6 5. Bd3 a6 6. O-O Qc7 7. Be3 Bc5 8.
Nd2 b5 9. a3 Bb7 10. c3 h5 11. f3 d5 12. Qe2 Nbd7 13. Kh1 Ba7 14. Rae1 Nb6 15.
e5 Qxe5 16. f4 Qc7 17. f5 e5 18. Bf4 Nbd7 19. Bxe5 Nxe5 20. Qxe5+ Qxe5 21.
Rxe5+ Kd7 22. Rfe1 Rae8 23. h3 Rxe5 24. Rxe5 Bb8 25. Re2 Re8 26. Rxe8 Nxe8 27.
N2f3 Bf4 28. Ne2 Bc7 29. Kg1 Ke7 30. Kf1 Kf6 31. g4 hxg4 32. hxg4 Nd6 33. g5+
Ke7 34. b3 Ne4 35. Bc2 Ba5 36. b4 Bc7 37. Bb3 Ng3+ 38. Nxg3 Bxg3 39. Ke2 Kd6
40. Ke3 Bc8 41. Bc2 Be5 42. Nd4 Bd7 43. Bd3 Bg3 44. Nf3 1/2-1/2

[Event "VII Festival A"]
[Site "Amantea ITA"]
[Date "2009.09.05"]
[Round "7"]
[White "Delorme, Axel"]
[Black "Oschetzki, Stefan"]
[Result "1-0"]
[WhiteElo "2434"]
[BlackElo "2178"]
[PlyCount "39"]
[EventDate "2009.08.31"]

1. d4 g6 2. e4 Bg7 3. Nf3 d6 4. c3 Nd7 5. Bd3 a6 6. a4 b6 7. O-O e6 8. Nbd2 Ne7
9. Re1 O-O 10. Nc4 h6 11. Ne3 Kh7 12. h4 e5 13. h5 Nf6 14. hxg6+ fxg6 15. dxe5
Ng4 16. Nxg4 Bxg4 17. Ng5+ hxg5 18. Qxg4 Bh6 19. Bxg5 Bxg5 20. Qxg5 1-0

[Event "VII Festival A"]
[Site "Amantea ITA"]
[Date "2009.09.05"]
[Round "7"]
[White "Efimov, Igor"]
[Black "Scotti, Umberto"]
[Result "1-0"]
[WhiteElo "2433"]
[BlackElo "2176"]
[PlyCount "37"]
[EventDate "2009.08.31"]

1. Nf3 d5 2. c4 c6 3. Qc2 Nf6 4. d4 g6 5. Bf4 Bf5 6. Qb3 Qb6 7. c5 Qxb3 8. axb3
Na6 9. Nc3 Bg7 10. e3 Nb4 11. Kd2 Nh5 12. Ra4 a5 13. Bc7 Na6 14. Bxa5 O-O 15.
Bb6 Nf6 16. Ne5 Nd7 17. Bxa6 Nxe5 18. Bxb7 Rab8 19. Ra7 1-0

[Event "VII Festival A"]
[Site "Amantea ITA"]
[Date "2009.09.05"]
[Round "7"]
[White "Estremera Panos, Sergio"]
[Black "Mullon, Jean-Baptiste"]
[Result "0-1"]
[WhiteElo "2394"]
[BlackElo "2357"]
[PlyCount "54"]
[EventDate "2009.08.31"]

1. d4 d5 2. c4 c6 3. Nf3 Nf6 4. e3 Bg4 5. Qb3 Qc7 6. Ne5 Bf5 7. cxd5 cxd5 8.
Bd2 e6 9. Na3 Nc6 10. Rc1 Nd7 11. Nxc6 bxc6 12. Qa4 Nb8 13. Bb5 Kd7 14. Be2 Qb7
15. b4 a6 16. O-O Bd6 17. f3 Ke7 18. e4 Bg6 19. e5 Bc7 20. b5 axb5 21. Qb4+ Kd7
22. Nxb5 Rxa2 23. Ra1 Na6 24. Rxa2 Nxb4 25. Ra7 Qxa7 26. Nxa7 Nc2 27. Rc1 Ra8
0-1

[Event "VII Festival A"]
[Site "Amantea ITA"]
[Date "2009.09.05"]
[Round "7"]
[White "Fabiano, Giuseppe"]
[Black "Fox, Pierre"]
[Result "1-0"]
[WhiteElo "2245"]
[BlackElo "1796"]
[PlyCount "75"]
[EventDate "2009.08.31"]

1. e4 e5 2. Nc3 Nf6 3. Bc4 Nc6 4. d3 Na5 5. Nge2 Nxc4 6. dxc4 d6 7. Qd3 Be6 8.
O-O c6 9. Bg5 Be7 10. Rad1 Qc7 11. b3 h6 12. Bxf6 gxf6 13. Kh1 O-O-O 14. Ng3 h5
15. Nf5 Bxf5 16. exf5 h4 17. Qf3 Bf8 18. a4 a5 19. Rd3 Qe7 20. Rfd1 Kc7 21. Ne4
d5 22. cxd5 cxd5 23. Rxd5 Rxd5 24. Rxd5 Qb4 25. Rd1 Be7 26. Nc3 Kc8 27. Nd5 Qc5
28. h3 Bd8 29. Ne3 Bc7 30. Qe4 Qe7 31. Qc4 Rh5 32. Rd5 e4 33. Kg1 Qa3 34. Rc5
Qc1+ 35. Nf1 Kb8 36. Rxc7 Rxf5 37. Rc8+ Ka7 38. Qd4+ 1-0

[Event "VII Festival A"]
[Site "Amantea ITA"]
[Date "2009.09.05"]
[Round "7"]
[White "Furnari, Franco"]
[Black "Scerbo, Antonio"]
[Result "0-1"]
[WhiteElo "1929"]
[BlackElo "2086"]
[PlyCount "110"]
[EventDate "2009.08.31"]

1. e4 c5 2. Nf3 Nc6 3. d4 cxd4 4. Nxd4 Nf6 5. Nc3 e5 6. Ndb5 d6 7. Bg5 a6 8.
Na3 b5 9. Nd5 Be7 10. Bxf6 Bxf6 11. c3 O-O 12. Nc2 Rb8 13. Be2 Bg5 14. O-O g6
15. Bf3 Be6 16. Ncb4 Nxb4 17. Nxb4 Qb6 18. Nd5 Qc5 19. g3 Bxd5 20. Qxd5 Qxd5
21. exd5 f5 22. Bg2 Rfc8 23. f4 exf4 24. gxf4 Bh6 25. Rae1 Re8 26. Re6 Rbd8 27.
Rfe1 Kf7 28. Rf1 Rxe6 29. dxe6+ Kxe6 30. Bb7 a5 31. Bc6 b4 32. c4 Rc8 33. Bd5+
Kf6 34. Kg2 Re8 35. Rf2 Re3 36. b3 g5 37. fxg5+ Bxg5 38. Rf3 Re2+ 39. Rf2 Rxf2+
40. Kxf2 Ke5 41. Kf3 Kd4 42. Bg8 Kc3 43. Bxh7 Kb2 44. Bxf5 Kxa2 45. Bc2 Kb2 46.
Bd1 Kc1 47. Be2 Kc2 48. Ke4 Kxb3 49. Kd5 Bf4 50. c5 dxc5 51. Kxc5 Bxh2 52. Bd1+
Ka3 53. Kb5 Bc7 54. Kc4 a4 55. Kd3 b3 0-1

[Event "VII Festival A"]
[Site "Amantea ITA"]
[Date "2009.09.05"]
[Round "7"]
[White "Garofalo, Massimo"]
[Black "Colucci, Pasquale"]
[Result "0-1"]
[WhiteElo "1996"]
[BlackElo "1946"]
[PlyCount "84"]
[EventDate "2009.08.31"]

1. e4 c5 2. Nf3 d6 3. d4 cxd4 4. Nxd4 Nf6 5. Nc3 g6 6. f3 Bg7 7. Be3 O-O 8. Qd2
Nc6 9. Nb3 Be6 10. Be2 Ne5 11. O-O Nc4 12. Bxc4 Bxc4 13. Rf2 Qc7 14. Bd4 Rac8
15. g4 Rfd8 16. Rg2 e5 17. Be3 d5 18. exd5 Nxd5 19. Nxd5 Bxd5 20. Qf2 b6 21. c3
Qc6 22. Rg3 Qb5 23. h4 Bxb3 24. axb3 Rc7 25. b4 Rcd7 26. Rf1 Rd1 27. Re1 Qa4
28. Rxd1 Rxd1+ 29. Kh2 Qa1 30. Rg2 Rh1+ 31. Kg3 f5 32. gxf5 gxf5 33. f4 Qd1 34.
Qe2 Qd5 35. c4 Qe6 36. Qd2 Qg6+ 37. Kf2 Qf6 38. fxe5 Qxh4+ 39. Ke2 Qxc4+ 40.
Kf2 Rf1+ 41. Kg3 Qg4+ 42. Kh2 Qh4# 0-1

[Event "VII Festival A"]
[Site "Amantea ITA"]
[Date "2009.09.05"]
[Round "7"]
[White "Gromovs, Sergejs"]
[Black "Bentivegna, Francesco"]
[Result "1-0"]
[WhiteElo "2339"]
[BlackElo "2324"]
[PlyCount "61"]
[EventDate "2009.08.31"]

1. d4 d5 2. c4 Nc6 3. Nf3 Bg4 4. cxd5 Bxf3 5. dxc6 Bxc6 6. Nc3 e6 7. a3 Nf6 8.
Qd3 e5 9. dxe5 Nd7 10. Bf4 g5 11. Bg3 Qe7 12. Qf5 Bg7 13. h4 gxh4 14. Rxh4 Bxe5
15. Bxe5 Qxe5 16. Qxe5+ Nxe5 17. O-O-O Rd8 18. Rxd8+ Kxd8 19. g3 h5 20. Bh3 Ng6
21. Rd4+ Ke7 22. b4 h4 23. b5 Be8 24. g4 c6 25. a4 Nf8 26. f4 Ne6 27. Re4 Kd8
28. g5 Bd7 29. Kd2 Ng7 30. Rd4 Ne6 31. Rd3 {...} 1-0

[Event "VII Festival A"]
[Site "Amantea ITA"]
[Date "2009.09.05"]
[Round "7"]
[White "Lalic, Bogdan"]
[Black "Caizzone, Vito"]
[Result "1-0"]
[WhiteElo "2517"]
[BlackElo "2062"]
[PlyCount "111"]
[EventDate "2009.08.31"]

1. Nf3 Nf6 2. c4 c5 3. Nc3 g6 4. d4 cxd4 5. Nxd4 Bg7 6. e4 d6 7. Be2 O-O 8. O-O
Nc6 9. Be3 Bd7 10. Qd2 a6 11. f3 Rc8 12. Rac1 Ne5 13. b3 Re8 14. Nd5 e6 15.
Nxf6+ Bxf6 16. Rfd1 Qc7 17. Nc2 Be7 18. f4 Nc6 19. e5 d5 20. cxd5 exd5 21. Qxd5
Be6 22. Qd2 Red8 23. Qe1 Qb8 24. Rxd8+ Rxd8 25. Rd1 Rxd1 26. Qxd1 Qc7 27. Qd2
Bf5 28. Bd3 Qd7 29. Bxf5 Qxf5 30. h3 Qe4 31. Kh2 h5 32. Qc3 b5 33. Qd2 h4 34.
Kg1 g5 35. fxg5 Nxe5 36. Ne1 Bb4 37. Qd4 Qxd4 38. Bxd4 Bxe1 39. Bxe5 Bd2 40.
Bf6 Kh7 41. g6+ fxg6 42. Bxh4 Kg7 43. Kf2 Kf7 44. Kf3 Ke6 45. Ke4 Bc1 46. Bf2
Bb2 47. h4 Bf6 48. g4 g5 49. h5 Bg7 50. Be3 Bh6 51. Bd2 Kd6 52. Kf5 Kc5 53.
Bxg5 Bf8 54. h6 Bxh6 55. Bxh6 Kb4 56. g5 1-0

[Event "VII Festival A"]
[Site "Amantea ITA"]
[Date "2009.09.05"]
[Round "7"]
[White "Levin, Felix"]
[Black "Maiorov, Nikita"]
[Result "1/2-1/2"]
[WhiteElo "2491"]
[BlackElo "2513"]
[PlyCount "21"]
[EventDate "2009.08.31"]

1. Nf3 Nf6 2. c4 b6 3. g3 Bb7 4. Bg2 e6 5. O-O Be7 6. d4 O-O 7. Nc3 Ne4 8. Nxe4
Bxe4 9. Ne1 Bxg2 10. Nxg2 d5 11. Qa4 1/2-1/2